01094 2200337 4500001002100000005001500021035002000036007000300056008004100059020002200100040002200122082001900144084002100163090002200184100003300206245010800239250002600347300005400373650003900427700002900466850001200495504003300507264003000540336002100570337003000591338002300621999002200644041001300666546005500679990002200734INLIS00000000086076720210609031307 a0010-0621000302ta210608s2021 yoia gr ind d a978-979-21-6787-0 aYOPDYOGbinderda04223a306.089951 a306.089951 OLI r aCB-D.11 2021-03660 aOliviaepenulisqXiao FeiFei10aRingkasan umum kebudayaan masyarakat Tionghoa di Indonesia /cpenulis, Olivia; penyunting, Rosa de Lima aCetakan pertama: 2021 axvii, 135 halaman :bgambar, foto, tabel ;c23 cm 4aKebudayaan orang Cina--zIndonesia0 aRosa de Limaepenyunting aYOPDYOG aBibliografi: halaman 129-13431aSleman :bKanisius,c2021 2rdacontentateks 2rdamediaatanpa perantara 2rdacarrieravolume aCB-D.11/2021-03660 aindgchi aTeks terdapat bahasa Indonesia dan bahasa Mandarin aCB-D.11/2021-0366